Los novios: historia milanesa del siglo XVII

Sábháilte in:
Sonraí bibleagrafaíochta
Príomhchruthaitheoir: Manzoni, Alessandro (autor)
Formáid: LEABHAR
Teanga:Spáinnis
Foilsithe / Cruthaithe: París Garnier Hermanos 1900
Ábhair:
Clibeanna: Cuir clib leis
Níl clibeanna ann, Bí ar an gcéad duine le clib a chur leis an taifead seo!

MARC

LEADER 00000nam a2200000 a 4500
001 UCZ1801
003 CL-VaPUC
008 950907e19000000FR |||||||||||||||||spa|d
082 0 4 |a 853  |b MAN  |2 21 
100 |a Manzoni, Alessandro  |e autor  |9 345430 
245 1 4 |a Los novios: historia milanesa del siglo XVII 
300 |a 2 v 
942 |c BK 
945 |d 19950907 00:00:00  |a rbrito 
260 |a París  |b Garnier Hermanos  |c 1900 
650 0 |a Novela italiana  |9 265740 
583 |a last modification  |c 19950907 00:00:00  |k Rodrigo Vera 
999 |c 238502  |d 238500 
952 |0 0  |1 0  |4 0  |6 853_000000000000000_MAN_1900  |7 0  |8 P  |9 248709  |a BIBEDU  |b BIBEDU  |c BIBEDU_PB  |d 2019-11-18  |h v.1  |i 3115682  |o 853 MAN 1900  |p 3115682  |r 2024-01-25  |w 2019-11-18  |y BK  |k LIT 
952 |0 0  |1 0  |4 0  |6 853_000000000000000_MAN_1900  |7 0  |8 P  |9 248710  |a BIBEDU  |b BIBEDU  |c BIBEDU_PB  |d 2019-11-18  |h v.2  |i 3115690  |o 853 MAN 1900  |p 3115690  |r 2024-01-25  |w 2019-11-18  |y BK  |k LIT